000 00251nam a22001097a 4500
082 _a621.3815287 POW'M
100 _aMULLARD
_979533
245 _aPOWER ENGINEERING USING THYRISTORS
260 _aLONDON
_bMULLARD
_c1970
300 _a228P
942 _cBK
999 _c584564
_d584564